• 首页
  • 本馆介绍
  • 公告通知
  • 最新文献
  • 馆藏检索
  • 电子资源
  • 读者导购
  • 参考咨询
  • 我的图书馆
  • 登录
  • 详细信息显示
  • 放入我的书架
  • 预约/预借图书
  • 作者相关作品
  • 分类相关作品
  • 丛书相关作品
  • 出版社相关作品

书目信息

  • 表格格式
  • 工作单格式
  • 卡片格式
题名:
金属切削刀具介绍
    
 
作者: 本书编写组 编
分册:  
出版信息: 济南   山东人民年出版社  1974.06
页数: 173页
开本: 18cm
丛书名:
单 册:
中图分类: TG71
科图分类:
主题词: 刀具(金属切削)
电子资源:
ISBN:
000 00548nam0 2200193 45
001 0405211526
005 20040521162707.1
010    @dCNY0.48
100    @a20040521d1974 km y0chiy0120 ea
101 0  @achi
105    @a z 000yy
200 1  @a金属切削刀具介绍@AJin Shu Qie Xue Dao Ju Jie Shao@f本书编写组编@FBen Shu Bian Xie Zu Bian
210    @a济南@c山东人民年出版社@d1974.06
215    @a173页@d18cm
606 0  @a刀具(金属切削)
690    @aTG71@v3
701  0 @a本书编写组@4编
801    @aCN@bPftUser@c20040521
905    @f1@b17760@dTG71@e17
    
    金属切削刀具介绍/本书编写组编.-济南:山东人民年出版社,1974.06
    173页;18cm
    
    
    ISBN :CNY0.48
    
●
相关链接 在E读中查询图书 在五车中查询图书 在当当中查询图书 在豆瓣中查询图书


正题名:金属切削刀具介绍     索取号:TG71/17         预约/预借

序号 登录号 条形码 馆藏地/架位号 状态 备注
1 0017760   001362732   第三借阅区/ [索取号:TG71/17] 在馆    
唐山师范学院图书馆 欢迎您!
大连网信软件有限公司© 版权所有